000 00921aab a2200193 i 4500
001 768714001
003 CO-MdFUSB
005 20240422113428.0
008 240422t1995 ag ||||| |||| 00| 0 spa d
040 _bspa
_cCO-MdFUSB
041 _aspa
245 1 _aParejas sanas para familias e iglesias sanas : Carta abierta a la comunidad evangélica
_bcarta abierta a la comunidad evangélica
300 _aVolumen 14, número 2 (abril - junio, 1995) páginas: 6 - 7
_c; 27 cm
520 _aCarta abierta a la comunidad evangélica donde se les encomia a esforzarse en pro de la formación de parejas sanas que sean la base para familias que se integren a la familia de Dios, que es la Iglesia.
650 0 _aFamilias
_9292
650 7 _aMatrimonio
_xAspectos religiosos
_bCristianismo
_9291
773 0 _tIglesia y Misión
_049402
_959643
_gVolumen 14, número 2 (abril - junio, 1995) páginas: 6 - 7
_qpágina: 6
942 _cANA
999 _c52147
_d52147